Elie Wiesel's Night Quiz Stats

 Plays Quiz not verified by Sporcle

Challenge
Share
Tweet
Embed
Score 0/20 Timer 10:00
0 Plays Today
% Correct
Foreign Jews are deported from Sighet.
82.9%
Moishe the Beadle returns to Sighet to warn the Jews.
82.5%
The Sighet ghetto is formed.
78.2%
Native Jews are deported in cattle cars.
72.1%
Mrs. Schacter predicts the crematoriums on the train.
64.8%
The passengers on the train smell burning flesh.
62.9%
Dr. Mengele separates Elie from his mom and sister.
59.5%
Elie and his father lie about their ages.
56.2%
Elie walks by a pit with burning babies.
54.6%
Elie contemplates suicide.
43.2%
% Correct
American troops liberate Buchenwald.
39.8%
Elie lies to his mom's cousin about his family.
38.5%
Elie and his father are shipped to Buna.
37.3%
Elie's father dies.
34.7%
Franek has a dentist remove Elie's crown.
34%
Idek whips Elie for walking in on him with a girl.
33.5%
The death march stops at Gleiwitz.
30.8%
The pipel is hanged for his silence.
29.9%
Elie's foot becomes badly infected.
28.2%
Buna is liquidated.
27.1%

You're not logged in!

Compare scores with friends on all Sporcle quizzes.
Join for Free
OR
Log In

You Might Also Like...

Show Comments

Extras

Top Quizzes Today


Score Distribution

Your Account Isn't Verified!

In order to create a playlist on Sporcle, you need to verify the email address you used during registration. Go to your Sporcle Settings to finish the process.

Report this User

Report this user for behavior that violates our Community Guidelines.

Details: